00322nam a2200121Ia 4500003000400000008004100004040001600045082001500061245004700076260006100123300001100184490000500195GCL140319s9999 xx 000 0 ara d aGCL / cGCL04a680bح ع10aعمليات التصنيع اليدوية a[S.N] : bدار الراتب الجامعية ، c1988 a258 ص a